French phrases for dummies
This book guide readers how to get directions, shop, and eat out; talk numbers, dates, time, and money; chat about family and work; discuss sports and the weather; deal with problems and emergencies by French
Kaydedildi:
| Yazar: | |
|---|---|
| Materyal Türü: | Kitap |
| Dil: | Undetermined |
| Baskı/Yayın Bilgisi: |
Hoboken, NJ
Wiley
2004
|
| Konular: | |
| Etiketler: |
Etiketle
Etiket eklenmemiş, İlk siz ekleyin!
|
| Thư viện lưu trữ: | Trung tâm Học liệu Trường Đại học Cần Thơ |
|---|
| LEADER | 00855nam a2200217Ia 4500 | ||
|---|---|---|---|
| 001 | CTU_165736 | ||
| 008 | 210402s9999 xx 000 0 und d | ||
| 020 | |c 9.99 | ||
| 082 | |a 448.34 | ||
| 082 | |b S349 | ||
| 100 | |a Schmidt, Dodi-Katrin | ||
| 245 | 0 | |a French phrases for dummies | |
| 245 | 0 | |c Dodi-Katrin Schmidt ; Michelle M. Williams ; Dominique Wenzel | |
| 260 | |a Hoboken, NJ | ||
| 260 | |b Wiley | ||
| 260 | |c 2004 | ||
| 520 | |a This book guide readers how to get directions, shop, and eat out; talk numbers, dates, time, and money; chat about family and work; discuss sports and the weather; deal with problems and emergencies by French | ||
| 650 | |a French language,Tiếng Pháp thực hành | ||
| 650 | |x Conversation and phrase books | ||
| 904 | |i Dinh Thu, Bạch Trúc | ||
| 980 | |a Trung tâm Học liệu Trường Đại học Cần Thơ | ||